| 000 | 00884cam a22002534a 4500 | ||
|---|---|---|---|
| 001 | 12203786 | ||
| 005 | 20180122085640.0 | ||
| 008 | 001017s2001 vaua bs 001 0 eng | ||
| 010 | _a 00012007 | ||
| 020 | _a0871205041 | ||
| 040 |
_aDLC _cDLC _dDLC |
||
| 041 | _aeng | ||
| 042 | _apcc | ||
| 043 | _an-us--- | ||
| 080 | _a371.102 MAR | ||
| 082 | 0 | 0 |
_a371.102 MAR _221 |
| 100 | 1 | _a47 | |
| 101 | _aEDU | ||
| 245 | 1 | 0 |
_aClassroom instruction that works : _cRobert J. Marzano, Debra J. Pickering, Jane E. Pollock. |
| 504 | _aIncludes bibliographical references (p. 161-173) and index. | ||
| 906 |
_a7 _bcbc _corignew _d1 _eecip _f20 _gy-gencatlg |
||
| 942 |
_2ddc _cBK |
||
| 999 |
_c40683 _d40683 |
||